000 00301nam a22001337a 4500
008 170911b xxu||||| |||| 00| 0 eng d
020 _a9780534409098
041 _aeng
080 _23RD
_a52
100 _a42
101 _aAST
245 _aVOYAGES THROUGH THE UNIVERSE
_cFRAKNOI,A
942 _2udc
_cBK
999 _c27021
_d27021